আমার বাবা / (Record no. 1185)
[ view plain ]
| 000 -LEADER | |
|---|---|
| fixed length control field | 00805nam a22002417a 4500 |
| 001 - CONTROL NUMBER | |
| JCCL Control Number | 1185 |
| 003 - CONTROL NUMBER IDENTIFIER | |
| JCCL marc code | BD-JhCC |
| 005 - DATE AND TIME OF LATEST TRANSACTION | |
| control field | 20171127095737.0 |
| 008 - FIXED-LENGTH DATA ELEMENTS--GENERAL INFORMATION | |
| fixed length control field | 171016s1999 bg ao||| |||| 000 0 ben d |
| 020 ## - INTERNATIONAL STANDARD BOOK NUMBER | |
| International Standard Book Number | 9844580279 |
| 035 ## - SYSTEM CONTROL NUMBER | |
| system control number | (BD-JhCC)1185 |
| 040 ## - CATALOGING SOURCE | |
| Original cataloging agency | BD-JhCC |
| Modifying agency | BD-JhCC |
| 041 ## - LANGUAGE CODE | |
| Language code of Book | ben |
| 082 ## - DEWEY DECIMAL CLASSIFICATION NUMBER | |
| Classification number | 954.9205 |
| Author mark and Year | AMA 1999 |
| 245 ## - TITLE STATEMENT | |
| Title | আমার বাবা / |
| Statement of responsibility, etc | সম্পাদনা আমীরুল ইসলাম ও আসলাম সানী |
| 260 ## - PUBLICATION, DISTRIBUTION, ETC. (IMPRINT) | |
| Place of publication, distribution, etc | ঢাকা: |
| Name of publisher, distributor, etc | সময় প্রকাশন, |
| Date of publication, distribution, etc | ১৯৯৯. |
| 300 ## - PHYSICAL DESCRIPTION | |
| Pagination | ৮৭ পৃ. : |
| Other physical details | ill. ; |
| Dimensions | ২২ সেমি. |
| 650 ## - SUBJECT ADDED ENTRY--TOPICAL TERM | |
| Topical term or geographic name as entry element | Liberation War |
| Geographic subdivision | Bangladesh |
| 700 ## - ADDED ENTRY--PERSONAL NAME | |
| Personal name | ইসলাম, আমীরুল |
| 700 ## - ADDED ENTRY--PERSONAL NAME | |
| Personal name | সানী, আসলাম |
| 942 ## - ADDED ENTRY ELEMENTS (KOHA) | |
| Source of classification or shelving scheme | Dewey Decimal Classification |
| Koha item type | Books |
| Source of classification or shelving scheme | Damaged status | Not for loan | Home library | Current library | Shelving location | Date of accession | Cost, normal purchase price | Total Checkouts | Full call number | Barcode | Date last seen | Copy number | Koha item type |
|---|---|---|---|---|---|---|---|---|---|---|---|---|---|
| Dewey Decimal Classification | JCC Rouf Library | JCC Rouf Library | General Stacks | 11/27/2017 | 50.00 | 954.9205 ISL 1999 | 2143 | 11/27/2017 | C-1 | Books |